Darling [
Parental guidance is advisable for children below 13 years old (PG13)
| Main Author: | |
|---|---|
| Format: | Book |
| Published: |
India :
s.n. ,
20-
|
| Subjects: |
MARC
| LEADER | 00000cam a2200000 7i4500 | ||
|---|---|---|---|
| 001 | 0000200099 | ||
| 005 | 20160106.0 | ||
| 090 | 0 | 0 | |a F |b DAR |
| 100 | 0 | |a Anton, Sam | |
| 245 | 1 | 0 | |a Darling [ |h digital video disc] |c Sam Anton |
| 260 | |a India : |b s.n. , |c 20- | ||
| 300 | |a 1 digital video disc (124 minutes) : |b col | ||
| 500 | |a Library has 1 copy | ||
| 520 | 0 | |a Parental guidance is advisable for children below 13 years old (PG13) | |
| 650 | 0 | 0 | |a Movies, Tamil |
| 999 | |a AV 37269 |b DIGITAL VIDEO DISC |c PINJAMAN |e PERPUSTAKAAN KOMUNITI PETALING JAYA | ||